01886cam a2200265 i 45000010005000000030006000050050017000110080041000280100017000690200026000860400028001120420008001400500028001480820015001761000033001912450036002242640065002602640009003253000023003343360026003573370028003833380027004115201153004386550029015912810FISKH20240116092910.0171115t20192018enk 000 1 eng  a 2017961038 a9781785358760q(pbk.) aDLCbengerdacDLCdDLC apcc00aPR9199.4.L594bJ87 201900a813/.62231 aLombardi, N.,cJr.,eauthor.10aJustice gone /cN. Lombardi Jr. 1aWinchester, UK ;aWashington, USA :bRoundfire Books,c2019. 4c2018 a322 pages ;c22 cm atextbtxt2rdacontent aunmediatedbn2rdamedia avolumebnc2rdacarrier aWhen a homeless war veteran is beaten to death by the police, stormy protests ensue, engulfing a small New Jersey town. Soon after, three cops are gunned down. A multi-state manhunt is underway for a cop killer on the loose. And Dr. Tessa Thorpe, a veteran's counselor, is caught up in the chase. Donald Darfield, an African-American Iraqi war vet, war-time buddy of the beaten man, and one of Tessa's patients, is holed up in a mountain cabin. Tessa, acting on instinct, sets off to find him, but the swarm of law enforcement officers get there first, leading to Darfield's dramatic capture. Now, the only people separating him from the lethal needle of state justice are Tessa and ageing blind lawyer, Nathaniel Bodine. Can they untangle the web tightening around Darfield in time, when the press and the justice system are baying for revenge? Justice Gone is the first in a series of psychological thrillers involving Dr Tessa Thorpe, wrapped in the divisive issues of modern American society including police brutality and disenfranchised returning war veterans. N Lombardi Jr. is the author of compelling and heartfelt novel The Plain of Jars. 7aSuspense fiction.2gsafd